Top 5 players of all-time - Statistics

General Stats
  • This quiz has been taken 28 times
  • The average score is 3 of 5
Answer Stats
Hint Answer % Correct
Bulls/Wizards Michael Jordan
100%
Warriors Stephen Curry
94%
Lakers Kobe Bryant
88%
Timberwolves/Caviliers/Heat Kevin Love
35%
Lakers/old player George Mikan
29%
No matching quizzes found
Score Distribution
Percent of People with Each Score
Percentile by Number Answered
Your Score History
You have not taken this quiz